Computer architecture : (Record no. 2477)
[ view plain ]
| 000 -LEADER | |
|---|---|
| fixed length control field | 00540nam a22001697a 4500 |
| 020 ## - INTERNATIONAL STANDARD BOOK NUMBER | |
| International Standard Book Number | 9789381269220 |
| 050 ## - LIBRARY OF CONGRESS CALL NUMBER | |
| Classification number | QA76.9 |
| Item number | .H46 2012 |
| 100 ## - MAIN ENTRY--PERSONAL NAME | |
| Personal name | Hennessy, John L. |
| 245 ## - TITLE STATEMENT | |
| Title | Computer architecture : |
| Remainder of title | a quantitative approach |
| Statement of responsibility, etc. | John L. Hennessy; David A. Patterson |
| 250 ## - EDITION STATEMENT | |
| Edition statement | 5th ed. |
| 260 ## - PUBLICATION, DISTRIBUTION, ETC. (IMPRINT) | |
| Place of publication, distribution, etc. | Waltham, MA : |
| Name of publisher, distributor, etc. | Morgan Kaufmann, |
| Date of publication, distribution, etc. | 2012. |
| 300 ## - PHYSICAL DESCRIPTION | |
| Extent | xxvii, 493p.: |
| 500 ## - GENERAL NOTE | |
| General note | includes table of contents, appendices , references and index. |
| 650 ## - SUBJECT ADDED ENTRY--TOPICAL TERM | |
| Form subdivision | 1. Computer architecture. |
| 700 ## - ADDED ENTRY--PERSONAL NAME | |
| Personal name | Patterson, David A. |
| 942 ## - ADDED ENTRY ELEMENTS (KOHA) | |
| Koha item type | General circulation |
| Withdrawn status | Lost status | Source of classification or shelving scheme | Damaged status | Not for loan | Home library | Current library | Date acquired | Cost, normal purchase price | Total Checkouts | Full call number | Barcode | Date last seen | Copy number | Cost, replacement price | Price effective from | Koha item type | Public note | Date last checked out | Shelving location | Source of acquisition |
|---|---|---|---|---|---|---|---|---|---|---|---|---|---|---|---|---|---|---|---|---|
| Library of Congress Classification | Kitui Town Campus Library | Kitui Town Campus Library | 03/06/2015 | 2088.00 | QA76.9 .H46 2012 | 2025/029110 | 03/06/2015 | 2200.00 | General circulation | General Stacks | ||||||||||
| Library of Congress Classification | Kitui Town Campus Library | Kitui Town Campus Library | 03/06/2015 | 2088.00 | QA 76.9 .H46 2012 | 2025/029108 | 03/06/2015 | 2200.00 | General circulation | General Stacks | Purchase | |||||||||
| Library of Congress Classification | Main Campus Library | Main Campus Library | 29/08/2014 | 2088.00 | 1 | QA 76.9 .H46 2012 | 2019/022075 | 11/02/2019 | 2200.00 | 29/08/2014 | General circulation | 28/01/2019 | ||||||||
| Library of Congress Classification | Main Campus Library | SEKU-BINDERY | 29/08/2014 | 2088.00 | QA76.9 .H46 2012 | 010084 | 29/08/2014 | C1 | 2200.00 | 29/08/2014 | General circulation | CM | ||||||||
| Library of Congress Classification | Wote Campus Library | Wote Campus Library | 19/03/2015 | 2088.00 | QA76.9 .H46 2012 | 2024/027795 | 19/03/2015 | 2200.00 | 19/03/2015 | General circulation | General Stacks |